| 000 | 00475nam a2200181Ia 4500 | ||
|---|---|---|---|
| 008 | 240925s9999 xx 000 0 und d | ||
| 020 | _aNA | ||
| 082 | _a796.44 WAL | ||
| 100 | _aWalker, Peter | ||
| 245 | 0 | _aCricket Conversations | |
| 250 | _aNA | ||
| 260 |
_aNew Delhi: _bVikas Publishing House Pvt Ltd _c,1978. |
||
| 300 |
_a99p. _bN.A _fOriginal |
||
| 500 | _aIncludes Index | ||
| 600 | _aHumanities & Natural Science | ||
| 650 | _aArts and Recreation | ||
| 942 | _cBK | ||
| 999 |
_c12013 _d12013 |
||